=LDR 00000nam 2200000 4500 =001 INLIS000000000046747 =005 20150504115445.0 =006 =007 =008 =020 ##$$a 979-7639-544-9 =035 ##$$0010-051500000000006 =040 ##$$a Ind =082 ##$$a 650 =090 ##$$a 650$bAna e =100 ##$$a Anastasia diana =245 ##$$a E-Business$cAnastasia diana =250 ##$$a Ed.2 =260 ##$$a Yogyakarta$bAndi$c2007. =300 ##$$a Xvi,255 Hlm$bIlus$c21 cm. =850 ##$$a NBPDMAT =990 ##$$a 0001/BPAP-NTB/20142015